[Event "DEM U16w 2009"]
[Site "Willingen GER"]
[Date "2009.06.02"]
[Round "4"]
[White "Stitterich, Nadine"]
[Black "Schulz, Anja"]
[Result "1/2-1/2"]
[Termination "normal"]
[Board "3"]
[WhiteElo "1918"]
[BlackElo "1995"]
[PlyCount "113"]
[WhiteFideId "24676527"]
[BlackFideId "24647845"]
[EventCountry "GER"]
[EventRounds "9"]
[EventType "swiss"]
[EventDate "2009.05.30"]

1. e4 c5 2. Nf3 d6 3. d4 cxd4 4. Nxd4 Nf6 5. Nc3 a6 6. Be2 e5 7. Nb3 Be7 8. O-O
O-O 9. Kh1 b6 10. a4 Bb7 11. f3 Qc7 12. Be3 Nbd7 13. Rf2 Rac8 14. Bf1 Qb8 15.
Rd2 h6 16. Nc1 Qa8 17. N1a2 Ne8 18. Nb4 f5 19. Nbd5 Bd8 20. exf5 Rxf5 21. Bd3
Rf8 22. Be4 Kh8 23. Qg1 Nef6 24. Nxf6 Rxf6 25. Bxb7 Qxb7 26. Ne4 d5 27. Nxf6
Nxf6 28. Rad1 Rc4 29. b3 Rc3 30. Bf2 Bc7 31. Qe1 Qc6 32. Qe2 Nh5 33. Bg3 Nxg3+
34. hxg3 e4 35. Rxd5 exf3 36. gxf3 Qf6 37. Qe8+ Kh7 38. Qe4+ Qg6 39. Qxg6+ Kxg6
40. Kg2 Rxc2+ 41. R1d2 Rc1 42. f4 Kf6 43. Rd1 Rc3 44. R5d3 Rc2+ 45. Kf3 g5 46.
Rd6+ Bxd6 47. Rxd6+ Kg7 48. Rxb6 gxf4 49. Kxf4 a5 50. Rb5 Rc3 51. g4 Kg6 52.
Rxa5 Rxb3 53. Rb5 Ra3 54. a5 Ra4+ 55. Kg3 Ra1 56. Rb6+ Kg5 57. Rb5+ 1/2-1/2

[Event "DEM U16w 2009"]
[Site "Willingen GER"]
[Date "2009.06.02"]
[Round "4"]
[White "Wild, Katharina"]
[Black "Dorn, Carina"]
[Result "1/2-1/2"]
[Termination "normal"]
[Board "4"]
[WhiteElo "1904"]
[BlackElo "1793"]
[PlyCount "54"]
[WhiteFideId "24678015"]
[BlackFideId "24666335"]
[EventCountry "GER"]
[EventRounds "9"]
[EventType "swiss"]
[EventDate "2009.05.30"]

1. c4 e5 2. Nc3 Nf6 3. Nf3 Nc6 4. g3 Bb4 5. Bg2 O-O 6. O-O Re8 7. d3 Bxc3 8.
bxc3 e4 9. Ng5 exd3 10. exd3 h6 11. Ne4 Nxe4 12. Bxe4 Qf6 13. Re1 Ne5 14. d4
Nxc4 15. Bf4 c6 16. Qd3 Nb6 17. Be5 Qe6 18. Bh7+ Kh8 19. Bf5 Qe7 20. Bxg7+ Kxg7
21. Rxe7 Rxe7 22. Qf3 d5 23. Qg4+ Kh8 24. Qh5 Bxf5 25. Qxf5 Kg7 26. Qg4+ Kh7
27. Qf5+ Kg7 1/2-1/2

[Event "DEM U16w 2009"]
[Site "Willingen GER"]
[Date "2009.06.02"]
[Round "4"]
[White "Schätz, Annika"]
[Black "Micklich, Rahel"]
[Result "1-0"]
[Termination "normal"]
[Board "5"]
[WhiteElo "1763"]
[BlackElo "1779"]
[PlyCount "55"]
[WhiteFideId "24674796"]
[BlackFideId "24639184"]
[EventCountry "GER"]
[EventRounds "9"]
[EventType "swiss"]
[EventDate "2009.05.30"]

1. e4 c5 2. Nf3 d6 3. d4 cxd4 4. Nxd4 Nf6 5. Nc3 a6 6. Bg5 e6 7. f4 Be7 8. Qf3
Qc7 9. O-O-O Nbd7 10. g4 h6 11. Bxf6 Bxf6 12. h4 Qb6 13. Qe3 Nc5 14. Bg2 Bd7
15. g5 Be7 16. f5 e5 17. Nd5 Qa5 18. Nb3 Nxb3+ 19. Qxb3 Bb5 20. Nxe7 Kxe7 21.
f6+ gxf6 22. gxf6+ Kf8 23. Qd5 Qd8 24. Qxd6+ Ke8 25. Qxe5+ Kf8 26. Bh3 Qe8 27.
Qd6+ Kg8 28. Qg3+ 1-0

[Event "DEM U16w 2009"]
[Site "Willingen GER"]
[Date "2009.06.02"]
[Round "4"]
[White "Anker, Christin"]
[Black "Velina, Valeria"]
[Result "1-0"]
[Termination "normal"]
[Board "6"]
[WhiteElo "1886"]
[BlackElo "1782"]
[PlyCount "81"]
[WhiteFideId "1615688"]
[BlackFideId "24677345"]
[EventCountry "GER"]
[EventRounds "9"]
[EventType "swiss"]
[EventDate "2009.05.30"]

1. e4 c6 2. d4 d5 3. Nc3 dxe4 4. Nxe4 Bf5 5. Ng3 Bg6 6. N1e2 h6 7. Nf4 Bh7 8.
Bc4 e6 9. Qe2 Ne7 10. O-O Bg8 11. Re1 Nd7 12. a4 Nb6 13. Bb3 Nbd5 14. a5 Nxf4
15. Bxf4 Qxd4 16. Be5 Qc5 17. Red1 Ng6 18. Bd4 Qe7 19. Ne4 Qc7 20. Qg4 Qf4 21.
Qe2 Qc7 22. f3 e5 23. Bf2 Bb4 24. c3 Be7 25. Rd2 Bh7 26. Rad1 O-O 27. Rd7 Qb8
28. Qc4 Kh8 29. Nc5 b6 30. Na6 Qc8 31. Rc7 b5 32. Qxc6 Qe8 33. Qb7 Bd8 34. Bxf7
Rxf7 35. Rxf7 Bf6 36. Rdd7 Bg8 37. Nc7 Qc8 38. Nxa8 Qxb7 39. Rxb7 Bxf7 40. Rxf7
Ne7 41. Bc5 1-0

[Event "DEM U16w 2009"]
[Site "Willingen GER"]
[Date "2009.06.02"]
[Round "4"]
[White "Müller, Alexandra"]
[Black "Begeluri, Nino"]
[Result "1/2-1/2"]
[Termination "normal"]
[Board "7"]
[WhiteElo "1561"]
[BlackElo "1776"]
[PlyCount "93"]
[WhiteFideId "24691496"]
[EventCountry "GER"]
[EventRounds "9"]
[EventType "swiss"]
[EventDate "2009.05.30"]

1. e4 c5 2. Nf3 Nc6 3. d4 cxd4 4. Nxd4 e5 5. Nb5 d6 6. N1c3 a6 7. Na3 b5 8. Nd5
Be7 9. c4 b4 10. Nc2 a5 11. Be3 Rb8 12. b3 Nf6 13. Bd3 O-O 14. O-O Nd7 15. Kh1
Nc5 16. Qd2 f5 17. exf5 Nxd3 18. Qxd3 Bxf5 19. Qd2 Kh8 20. f3 Qe8 21. Bf2 Qg6
22. Nce3 Bg5 23. Rad1 Rbd8 24. Qe2 Nd4 25. Qb2 Bd3 26. Rg1 Ne2 27. Rge1 Nf4 28.
Nxf4 Bxf4 29. Nd5 e4 30. Nxf4 Rxf4 31. Bg3 Rff8 32. fxe4 Bxe4 33. Kg1 Bc6 34.
Rf1 Rxf1+ 35. Rxf1 Kg8 36. Be1 Qe4 37. Qf2 Qg6 38. Bd2 h6 39. Be3 Rb8 40. Bf4
Rf8 41. Qd2 Qf5 42. Qxd6 Qe4 43. Qd2 g5 44. Bg3 Rxf1+ 45. Kxf1 Qf5+ 46. Kg1
Qb1+ 47. Be1 1/2-1/2

[Event "DEM U16w 2009"]
[Site "Willingen GER"]
[Date "2009.06.02"]
[Round "4"]
[White "Nguyen Minh, Thuy"]
[Black "Falke, Cynthia"]
[Result "1-0"]
[Termination "normal"]
[Board "8"]
[WhiteElo "1862"]
[BlackElo "1502"]
[PlyCount "39"]
[WhiteFideId "24672688"]
[BlackFideId "24600644"]
[EventCountry "GER"]
[EventRounds "9"]
[EventType "swiss"]
[EventDate "2009.05.30"]

1. e4 e5 2. Nf3 Nc6 3. Bc4 Bc5 4. d3 d6 5. c3 Nf6 6. O-O Na5 7. Bb5+ c6 8. Ba4
b5 9. Bc2 Bb6 10. Re1 O-O 11. Nbd2 Ng4 12. Re2 f5 13. exf5 Bxf5 14. h3 Nf6 15.
Nf1 Qd7 16. Kh2 Nd5 17. Nh4 Bxh3 18. gxh3 Bxf2 19. Ng3 Rf3 20. Nxf3 1-0

[Event "DEM U16w 2009"]
[Site "Willingen GER"]
[Date "2009.06.02"]
[Round "4"]
[White "Stark, Saskia"]
[Black "Sonnhalter, Stella"]
[Result "1-0"]
[Termination "normal"]
[Board "9"]
[WhiteElo "1936"]
[BlackElo "1766"]
[PlyCount "117"]
[WhiteFideId "4601050"]
[BlackFideId "4624815"]
[EventCountry "GER"]
[EventRounds "9"]
[EventType "swiss"]
[EventDate "2009.05.30"]

1. e4 c5 2. Nc3 a6 3. f4 b5 4. Nf3 Bb7 5. d3 e6 6. Be3 Nf6 7. h3 d5 8. exd5
Nxd5 9. Bd2 Bd6 10. g3 Nd7 11. Ne4 Bc7 12. Bg2 O-O 13. O-O Rc8 14. Qe2 N7f6 15.
Rad1 Bb6 16. Kh2 c4 17. Ne5 cxd3 18. Qxd3 Qc7 19. c3 Rfd8 20. Qe2 Nxe4 21. Bxe4
Nf6 22. Bxb7 Qxb7 23. Rde1 Rd5 24. f5 Bc7 25. Bf4 exf5 26. Nd3 Rcd8 27. Nb4
Bxf4 28. Nxd5 Bxg3+ 29. Kxg3 Ne4+ 30. Kg2 Qxd5 31. Rd1 Qa8 32. Rxd8+ Qxd8 33.
Rxf5 Qh4 34. Qe3 g6 35. Rd5 Nf6 36. Rd4 Qh5 37. Qf3 Qg5+ 38. Qg3 Qf5 39. Qf4
Qc2+ 40. Rd2 Qe4+ 41. Qxe4 Nxe4 42. Rd4 f5 43. a4 Kf7 44. axb5 axb5 45. Rd7+
Ke6 46. Rxh7 g5 47. Rb7 Nd6 48. Rb8 Ke5 49. Kf3 g4+ 50. hxg4 fxg4+ 51. Kxg4 Kd5
52. b3 Kc6 53. Kf4 Nb7 54. Ke3 Na5 55. b4 Nc4+ 56. Kd4 Na3 57. Rh8 Kb6 58. Rh6+
Kb7 59. Kc5 1-0

[Event "DEM U16w 2009"]
[Site "Willingen GER"]
[Date "2009.06.02"]
[Round "4"]
[White "Carow, Annelen"]
[Black "Harder, Anne"]
[Result "1/2-1/2"]
[Termination "normal"]
[Board "10"]
[WhiteElo "1661"]
[BlackElo "1598"]
[PlyCount "46"]
[WhiteFideId "24692492"]
[BlackFideId "4614631"]
[EventCountry "GER"]
[EventRounds "9"]
[EventType "swiss"]
[EventDate "2009.05.30"]

1. d4 d5 2. c4 e6 3. Nc3 Be7 4. cxd5 exd5 5. Bf4 Nf6 6. e3 Bf5 7. Qb3 b6 8. Nb5
Na6 9. Qa4 c6 10. Qxa6 cxb5 11. Bxb5+ Bd7 12. Ne2 O-O 13. Bxd7 Bb4+ 14. Nc3
Qxd7 15. O-O Bxc3 16. bxc3 Rfc8 17. Rfc1 Rc4 18. f3 Rac8 19. Qa3 Nh5 20. Be5 f6
21. Qd6 Qxd6 22. Bxd6 f5 23. Ba3 Rxc3 1/2-1/2

[Event "DEM U16w 2009"]
[Site "Willingen GER"]
[Date "2009.06.02"]
[Round "4"]
[White "Grömping, Carolin"]
[Black "Garny, Annica"]
[Result "1-0"]
[Termination "normal"]
[Board "11"]
[WhiteElo "1475"]
[BlackElo "1604"]
[PlyCount "51"]
[BlackFideId "24600660"]
[EventCountry "GER"]
[EventRounds "9"]
[EventType "swiss"]
[EventDate "2009.05.30"]

1. e4 e5 2. Nf3 Nc6 3. Bb5 d6 4. Nc3 Nf6 5. d3 Be7 6. Be3 O-O 7. h3 Bd7 8. Qd2
a6 9. Bc4 Na5 10. Bb3 c6 11. O-O Nxb3 12. axb3 Qc7 13. d4 Rac8 14. Rad1 Rfd8
15. Qe2 Kh8 16. Ng5 Kg8 17. f4 exd4 18. Bxd4 Re8 19. e5 Nd5 20. Qh5 Bxg5 21.
Qxg5 h6 22. Qg3 Nxc3 23. Bxc3 g6 24. exd6 Qb6+ 25. Kh1 Qc5 26. Qh4 1-0

[Event "DEM U16w 2009"]
[Site "Willingen GER"]
[Date "2009.06.02"]
[Round "4"]
[White "Maiwald, Anja"]
[Black "Jünger, Theresa"]
[Result "1/2-1/2"]
[Termination "normal"]
[Board "12"]
[WhiteElo "1331"]
[BlackElo "1575"]
[PlyCount "37"]
[EventCountry "GER"]
[EventRounds "9"]
[EventType "swiss"]
[EventDate "2009.05.30"]

1. c4 c5 2. Nc3 Nc6 3. Nf3 Nf6 4. g3 g6 5. Bg2 Bg7 6. O-O O-O 7. d4 cxd4 8.
Nxd4 d6 9. Nxc6 bxc6 10. Bxc6 Rb8 11. Bg2 Qa5 12. Qa4 Qxa4 13. Nxa4 Nd7 14. Bg5
Rb4 15. b3 Bxa1 16. Rxa1 f6 17. Be3 Ba6 18. Nc3 Bb7 19. Nd5 1/2-1/2

[Event "DEM U16w 2009"]
[Site "Willingen GER"]
[Date "2009.06.02"]
[Round "4"]
[White "Rusch, Julia"]
[Black "Beier, Nina"]
[Result "1/2-1/2"]
[Termination "normal"]
[Board "13"]
[WhiteElo "1425"]
[BlackElo "1393"]
[PlyCount "71"]
[BlackFideId "24660434"]
[EventCountry "GER"]
[EventRounds "9"]
[EventType "swiss"]
[EventDate "2009.05.30"]

1. e4 e5 2. Nf3 Nc6 3. Nc3 Nf6 4. d4 exd4 5. Nd5 Nb4 6. Nxb4 Bxb4+ 7. Bd2 Qe7
8. c3 Qxe4+ 9. Qe2 Qxe2+ 10. Bxe2 dxc3 11. bxc3 Bc5 12. O-O O-O 13. Rfe1 Ne4
14. Rf1 Nxd2 15. Nxd2 d5 16. Bf3 c6 17. Nb3 Bb6 18. Rae1 Be6 19. h3 d4 20. Nxd4
Bxd4 21. cxd4 Rfd8 22. Rb1 Rab8 23. Rfd1 Bxa2 24. Ra1 Bd5 25. Bxd5 Rxd5 26.
Rxa7 c5 27. Rb1 b5 28. Rxb5 Rbd8 29. dxc5 Rd1+ 30. Kh2 Rc1 31. Rab7 g6 32. Rc7
Rd5 33. Rb8+ Kg7 34. c6 Rd6 35. Rb6 h6 36. Re7 1/2-1/2

[Event "DEM U16w 2009"]
[Site "Willingen GER"]
[Date "2009.06.02"]
[Round "5"]
[White "Endress, Anna"]
[Black "Stitterich, Nadine"]
[Result "1-0"]
[Termination "normal"]
[Board "1"]
[WhiteElo "2066"]
[BlackElo "1918"]
[PlyCount "69"]
[WhiteFideId "24629472"]
[BlackFideId "24676527"]
[EventCountry "GER"]
[EventRounds "9"]
[EventType "swiss"]
[EventDate "2009.05.30"]

1. e4 e5 2. d4 exd4 3. Qxd4 Nc6 4. Qe3 Nf6 5. Nc3 Bb4 6. Bd2 d6 7. Qg3 O-O 8.
a3 Bc5 9. O-O-O Ng4 10. Nh3 Nce5 11. Be2 h5 12. f4 h4 13. Qe1 Nc6 14. Ng5 Bf2
15. Qf1 Be3 16. Bxe3 Nxe3 17. Qf2 f6 18. Qxe3 fxg5 19. Bc4+ Kh8 20. g3 gxf4 21.
gxf4 Bd7 22. Rd5 Rf6 23. Rg5 Rh6 24. Rhg1 Rh7 25. Nd5 Na5 26. Ba2 c5 27. Qc3
Nc6 28. Rxg7 Nd4 29. Rxh7+ Kxh7 30. Qe3 Be6 31. f5 Bf7 32. c3 Nc6 33. f6 Bg6
34. Qg5 Ne5 35. Qxh4+ 1-0

[Event "DEM U16w 2009"]
[Site "Willingen GER"]
[Date "2009.06.02"]
[Round "5"]
[White "Blübaum, Johanna"]
[Black "Smolkina, Milana"]
[Result "0-1"]
[Termination "normal"]
[Board "2"]
[WhiteElo "1951"]
[BlackElo "1917"]
[PlyCount "134"]
[WhiteFideId "24647373"]
[BlackFideId "24618780"]
[EventCountry "GER"]
[EventRounds "9"]
[EventType "swiss"]
[EventDate "2009.05.30"]

1. d4 Nf6 2. c4 e6 3. Nc3 Bb4 4. Qc2 c5 5. dxc5 O-O 6. a3 Bxc5 7. Nf3 b6 8. Bf4
Bb7 9. e3 a6 10. Rd1 Be7 11. Be2 Nc6 12. O-O Rc8 13. Rd2 Na5 14. Qa4 Bc6 15.
Qc2 Bxf3 16. Bxf3 Nxc4 17. Rdd1 d5 18. Qe2 Qe8 19. Bg3 Bc5 20. e4 dxe4 21. Nxe4
Nxe4 22. Bxe4 Qe7 23. Bd3 b5 24. Rfe1 Bd6 25. Qe4 f5 26. Bxd6 Qxd6 27. Bxc4
fxe4 28. Rxd6 Rxc4 29. Rd2 Rfc8 30. g3 Rc1 31. Rxc1 Rxc1+ 32. Kg2 Rc6 33. Rd4
e3 34. Re4 exf2 35. Kxf2 Rc2+ 36. Kg1 Kf7 37. Rb4 Rc1+ 38. Kg2 Rc2+ 39. Kg1 Rc4
40. Rb3 e5 41. Rd3 Rc1+ 42. Kf2 Rc2+ 43. Kf3 Rxb2 44. Rd7+ Kf8 45. Ke4 Rxh2 46.
Ra7 Rh6 47. Kxe5 Rg6 48. Ra8+ Ke7 49. Ra7+ Kd8 50. Kf4 Kc8 51. g4 Kb8 52. Rf7
Rf6+ 53. Rxf6 gxf6 54. Kf5 a5 55. Kxf6 b4 56. axb4 axb4 57. Kg7 b3 58. Kxh7 b2
59. g5 b1=Q+ 60. g6 Kc8 61. Kh8 Qh1+ 62. Kg8 Qd5+ 63. Kh8 Qh5+ 64. Kg7 Kd7 65.
Kf7 Qf5+ 66. Kg7 Ke7 67. Kh8 Qf8+ 0-1

[Event "DEM U16w 2009"]
[Site "Willingen GER"]
[Date "2009.06.02"]
[Round "5"]
[White "Dorn, Carina"]
[Black "Schätz, Annika"]
[Result "1/2-1/2"]
[Termination "normal"]
[Board "3"]
[WhiteElo "1793"]
[BlackElo "1763"]
[PlyCount "62"]
[WhiteFideId "24666335"]
[BlackFideId "24674796"]
[EventCountry "GER"]
[EventRounds "9"]
[EventType "swiss"]
[EventDate "2009.05.30"]

1. d4 Nf6 2. c4 c5 3. d5 b5 4. cxb5 a6 5. bxa6 Bxa6 6. Nc3 d6 7. Nf3 g6 8. g3
Bg7 9. Bg2 O-O 10. O-O Nbd7 11. Rb1 Qc7 12. Re1 Rfb8 13. h3 Nb6 14. b3 Nfd7 15.
Bb2 Nc4 16. bxc4 Rxb2 17. Rxb2 Bxc3 18. Rc2 Bxe1 19. Qxe1 Rb8 20. Nd2 Rb4 21.
Qc1 Qa5 22. f4 Ra4 23. Qb2 Nb6 24. Bf1 Bxc4 25. Nxc4 Rxc4 26. Rxc4 Nxc4 27.
Qb8+ Kg7 28. Qb3 Nd2 29. Qb2+ Kf8 30. Qb8+ Kg7 31. Qb2+ Kg8 1/2-1/2

[Event "DEM U16w 2009"]
[Site "Willingen GER"]
[Date "2009.06.02"]
[Round "5"]
[White "Bochis, Julia"]
[Black "Anker, Christin"]
[Result "1/2-1/2"]
[Termination "normal"]
[Board "4"]
[WhiteElo "2047"]
[BlackElo "1886"]
[PlyCount "85"]
[WhiteFideId "24647276"]
[BlackFideId "1615688"]
[EventCountry "GER"]
[EventRounds "9"]
[EventType "swiss"]
[EventDate "2009.05.30"]

1. e4 e5 2. Bc4 Nf6 3. d3 Bc5 4. f4 d6 5. Nc3 Nc6 6. Nf3 Bd7 7. f5 h6 8. Qe2 a6
9. Be3 Bxe3 10. Qxe3 Qe7 11. a3 g6 12. fxg6 fxg6 13. O-O-O O-O-O 14. b4 Bg4 15.
Bd5 Nd4 16. Rdf1 Bxf3 17. gxf3 c6 18. Ba2 Nh5 19. Nd1 Nf4 20. c3 Nde6 21. Nb2
Rhf8 22. Nc4 Qh4 23. Na5 Qe7 24. Qa7 Qc7 25. Nc4 Kd7 26. Qe3 b5 27. Na5 Ke7 28.
Bxe6 Kxe6 29. d4 c5 30. d5+ Ke7 31. Nc6+ Kf6 32. Nxd8 Rxd8 33. Kb1 c4 34. Rhg1
a5 35. Rg4 axb4 36. axb4 Ra8 37. Rxf4+ exf4 38. Qxf4+ Kg7 39. Qe3 Qb7 40. Rf2
Qa6 41. Rb2 Qa1+ 42. Kc2 Qf1 43. Qd4+ 1/2-1/2

[Event "DEM U16w 2009"]
[Site "Willingen GER"]
[Date "2009.06.02"]
[Round "5"]
[White "Schulz, Anja"]
[Black "Wild, Katharina"]
[Result "1-0"]
[Termination "normal"]
[Board "5"]
[WhiteElo "1995"]
[BlackElo "1904"]
[PlyCount "37"]
[WhiteFideId "24647845"]
[BlackFideId "24678015"]
[EventCountry "GER"]
[EventRounds "9"]
[EventType "swiss"]
[EventDate "2009.05.30"]

1. e4 c6 2. d4 d5 3. exd5 cxd5 4. c4 Nf6 5. Nc3 e6 6. Nf3 Be7 7. cxd5 Nxd5 8.
Bd3 Nc6 9. a3 O-O 10. h4 Re8 11. Bxh7+ Kxh7 12. Ng5+ Kg8 13. Qh5 Bxg5 14. hxg5
Kf8 15. g6 fxg6 16. Qxg6 Nde7 17. Rh8+ Ng8 18. Bh6 Qf6 19. Qxf6# 1-0

[Event "DEM U16w 2009"]
[Site "Willingen GER"]
[Date "2009.06.02"]
[Round "5"]
[White "Begeluri, Nino"]
[Black "Stark, Saskia"]
[Result "0-1"]
[Termination "normal"]
[Board "6"]
[WhiteElo "1776"]
[BlackElo "1936"]
[PlyCount "48"]
[BlackFideId "4601050"]
[EventCountry "GER"]
[EventRounds "9"]
[EventType "swiss"]
[EventDate "2009.05.30"]

1. e4 d5 2. exd5 Qxd5 3. Nc3 Qd6 4. d4 Nf6 5. Be2 a6 6. Nf3 Nbd7 7. Be3 e6 8.
O-O Be7 9. Nd2 c6 10. Nc4 Qc7 11. a4 Nd5 12. Bd2 O-O 13. f4 N7f6 14. Qe1 c5 15.
Nxd5 exd5 16. Ba5 Qc6 17. Nb6 Rb8 18. Bd3 Re8 19. Nxc8 Qxc8 20. Bc3 c4 21. Be2
Bd6 22. Qd1 Qe6 23. Re1 Qe3+ 24. Kh1 Ne4 0-1

[Event "DEM U16w 2009"]
[Site "Willingen GER"]
[Date "2009.06.02"]
[Round "5"]
[White "Müller, Alexandra"]
[Black "Nguyen Minh, Thuy"]
[Result "1/2-1/2"]
[Termination "normal"]
[Board "7"]
[WhiteElo "1561"]
[BlackElo "1862"]
[PlyCount "97"]
[WhiteFideId "24691496"]
[BlackFideId "24672688"]
[EventCountry "GER"]
[EventRounds "9"]
[EventType "swiss"]
[EventDate "2009.05.30"]

1. e4 c5 2. Nf3 d6 3. d4 cxd4 4. Nxd4 Nf6 5. Nc3 a6 6. Be2 e5 7. Nb3 Be7 8. Be3
Be6 9. f3 Nbd7 10. Qd2 O-O 11. O-O-O b5 12. Bd3 b4 13. Ne2 a5 14. Kb1 Qb8 15.
g4 a4 16. Nbc1 b3 17. cxb3 axb3 18. a3 Rc8 19. g5 Ne8 20. f4 exf4 21. Bxf4 Nc5
22. Nd4 Nxd3 23. Qxd3 Bc4 24. Qe3 Ra6 25. Nce2 Qb7 26. Nc3 d5 27. exd5 Bxa3 28.
bxa3 Rxa3 29. Kb2 Ra6 30. Ra1 Rb6 31. Rhe1 Kf8 32. Nc6 Bxd5 33. Qe7+ Qxe7 34.
Nxe7 Rxc3 35. Kxc3 b2 36. Rab1 Be6 37. Rxb2 Rxb2 38. Kxb2 Kxe7 39. Kc3 f6 40.
gxf6+ Kxf6 41. Kd4 Kf7 42. Ra1 Nf6 43. Ra7+ Kg6 44. Be5 Nh5 45. Kc5 Nf6 46. Kd6
Bf5 47. Ke7 Ng4 48. Bg3 Nf6 49. Kf8 1/2-1/2

[Event "DEM U16w 2009"]
[Site "Willingen GER"]
[Date "2009.06.02"]
[Round "5"]
[White "Micklich, Rahel"]
[Black "Grömping, Carolin"]
[Result "1-0"]
[Termination "normal"]
[Board "8"]
[WhiteElo "1779"]
[BlackElo "1475"]
[PlyCount "89"]
[WhiteFideId "24639184"]
[EventCountry "GER"]
[EventRounds "9"]
[EventType "swiss"]
[EventDate "2009.05.30"]

1. d4 d5 2. c4 e6 3. Nc3 Nf6 4. Bg5 Be7 5. Nf3 b6 6. cxd5 exd5 7. e3 O-O 8. Bd3
Bb7 9. Qc2 h6 10. Bh4 Nbd7 11. O-O c5 12. dxc5 bxc5 13. Na4 Rc8 14. Bf5 Rc6 15.
Rfd1 Rc7 16. Bg3 Rc6 17. Bxd7 Nxd7 18. Rxd5 Rf6 19. Rd2 Qc7 20. Ne5 Nxe5 21.
Bxe5 Rg6 22. Bg3 Qc6 23. f3 Rc8 24. Rad1 Re6 25. e4 Ba6 26. Rd7 Qa8 27. Bf2 Bb5
28. R7d5 Bxa4 29. Qxa4 Qb7 30. Qc2 Qa6 31. a3 Rec6 32. Rd7 Bf6 33. Qb3 Rf8 34.
Qb7 Qxb7 35. Rxb7 a6 36. Rd5 Rfc8 37. Rdd7 Rf8 38. f4 Bd8 39. e5 g6 40. Rd6
Rxd6 41. exd6 c4 42. Rb4 Bf6 43. Rxc4 Bxb2 44. d7 Bf6 45. Bb6 1-0

[Event "DEM U16w 2009"]
[Site "Willingen GER"]
[Date "2009.06.02"]
[Round "5"]
[White "Velina, Valeria"]
[Black "Harder, Anne"]
[Result "0-1"]
[Termination "normal"]
[Board "9"]
[WhiteElo "1782"]
[BlackElo "1598"]
[PlyCount "58"]
[WhiteFideId "24677345"]
[BlackFideId "4614631"]
[EventCountry "GER"]
[EventRounds "9"]
[EventType "swiss"]
[EventDate "2009.05.30"]

1. e4 c5 2. Nf3 Nc6 3. d4 cxd4 4. Nxd4 g6 5. Be3 Bg7 6. Bc4 Nf6 7. Nc3 O-O 8.
Bb3 Ng4 9. Qxg4 Nxd4 10. O-O Nxb3 11. axb3 d5 12. Qf3 d4 13. Rfd1 Qb6 14. Na4
Qd6 15. Nc3 Qc5 16. Na4 Qxc2 17. Bxd4 Bxd4 18. Rxd4 b5 19. Qc3 Qe2 20. Nb6 b4
21. Rxb4 axb6 22. Re1 Qa6 23. h3 Be6 24. Qd4 Rfd8 25. Qe3 Rab8 26. Rc1 Qd3 27.
Qe1 Qd2 28. Qxd2 Rxd2 29. Rb1 Rd3 0-1

[Event "DEM U16w 2009"]
[Site "Willingen GER"]
[Date "2009.06.02"]
[Round "5"]
[White "Falke, Cynthia"]
[Black "Carow, Annelen"]
[Result "0-1"]
[Termination "normal"]
[Board "10"]
[WhiteElo "1502"]
[BlackElo "1661"]
[PlyCount "90"]
[WhiteFideId "24600644"]
[BlackFideId "24692492"]
[EventCountry "GER"]
[EventRounds "9"]
[EventType "swiss"]
[EventDate "2009.05.30"]

1. e4 e5 2. Nf3 Nc6 3. Bc4 Bc5 4. c3 Nf6 5. d3 d6 6. O-O O-O 7. Bb3 a6 8. Qe2
b5 9. Rd1 Bb6 10. Bg5 h6 11. Bh4 Bg4 12. Bd5 Qd7 13. Bxf6 gxf6 14. h3 Bh5 15.
Nbd2 Rae8 16. Nf1 Ne7 17. Ng3 Bg6 18. Bb3 f5 19. Nh4 fxe4 20. dxe4 Kh7 21. Nh5
f5 22. exf5 Nxf5 23. Nxg6 Kxg6 24. Qg4+ Kh7 25. Bc2 Re7 26. Rd2 Kh8 27. Qg6 Qe6
28. Qxe6 Rxe6 29. Re1 Ng7 30. Ng3 c6 31. Bb3 d5 32. Rde2 e4 33. Rf1 Rg6 34. Nh1
Nh5 35. Rc2 Nf4 36. g3 Nxh3+ 37. Kg2 Nf4+ 38. Kg1 Nd3 39. Rd2 Ne5 40. Kg2 Nf3
41. Re2 Rg5 42. Kh3 Rfg8 43. Kg2 Rh5 44. Rxe4 dxe4 45. Bxg8 Rh2# 0-1

[Event "DEM U16w 2009"]
[Site "Willingen GER"]
[Date "2009.06.02"]
[Round "5"]
[White "Beier, Nina"]
[Black "Maiwald, Anja"]
[Result "1/2-1/2"]
[Termination "normal"]
[Board "12"]
[WhiteElo "1393"]
[BlackElo "1331"]
[PlyCount "62"]
[WhiteFideId "24660434"]
[EventCountry "GER"]
[EventRounds "9"]
[EventType "swiss"]
[EventDate "2009.05.30"]

1. d4 Nf6 2. Bg5 d5 3. Bxf6 exf6 4. e3 Bd6 5. Nf3 Bg4 6. h3 Bh5 7. Nbd2 Nd7 8.
c4 c6 9. Qb3 Qb6 10. Qxb6 axb6 11. cxd5 cxd5 12. Bb5 Ke7 13. Bxd7 Kxd7 14. O-O
Rac8 15. a3 Rc2 16. Rab1 b5 17. Rfc1 Rxc1+ 18. Rxc1 b4 19. axb4 Bxb4 20. Nb3
Bxf3 21. gxf3 Ra8 22. Rc2 b6 23. Nc1 Ra1 24. Kg2 Ra7 25. Nd3 Bd6 26. Rc3 Rc7
27. Rb3 Rc6 28. Rb5 Kc7 29. Rxd5 g6 30. Rb5 Rc4 31. Rb3 Kc6 1/2-1/2

[Event "DEM U16w 2009"]
[Site "Willingen GER"]
[Date "2009.06.02"]
[Round "5"]
[White "Garny, Annica"]
[Black "Jünger, Theresa"]
[Result "0-1"]
[Termination "normal"]
[Board "13"]
[WhiteElo "1604"]
[BlackElo "1575"]
[PlyCount "102"]
[WhiteFideId "24600660"]
[EventCountry "GER"]
[EventRounds "9"]
[EventType "swiss"]
[EventDate "2009.05.30"]

1. e4 c5 2. Nf3 d6 3. d4 cxd4 4. Nxd4 Nf6 5. Nc3 a6 6. f3 b5 7. Be3 Bb7 8. Qd2
e6 9. O-O-O Nbd7 10. g4 Ne5 11. h4 b4 12. Nb1 d5 13. g5 Nh5 14. f4 Nc4 15. Bxc4
dxc4 16. Qe2 Ng3 17. Qxc4 Rc8 18. Qb3 Qc7 19. Rh2 Be7 20. h5 Nxe4 21. g6 hxg6
22. Qa4+ Qd7 23. Qxd7+ Kxd7 24. Nf5+ Bd5 25. Nxg7 Bf8 26. Nxe6 Kxe6 27. h6 Bxa2
28. Bd4 f6 29. Be3 Bxb1 30. Kxb1 Rc7 31. Rg1 Kf5 32. Rd1 Rxh6 33. Rg2 Rch7 34.
Rd8 Bd6 35. Ra8 Bxf4 36. Bxf4 Kxf4 37. Rxa6 Rb7 38. Rg1 g5 39. Rf1+ Kg3 40. Re1
Nc5 41. Rc6 Nd7 42. Rd6 Ne5 43. Ka2 Rd7 44. Rb6 Nf3 45. Re4 Rd4 46. Rxb4 Rxb4
47. Rxb4 Rh4 48. c4 Kf2 49. Ka3 g4 50. c5 g3 51. c6 Rh8 0-1

[Event "DEM U16w 2009"]
[Site "Willingen GER"]
[Date "2009.06.03"]
[Round "6"]
[White "Schätz, Annika"]
[Black "Endress, Anna"]
[Result "1-0"]
[Termination "normal"]
[Board "1"]
[WhiteElo "1763"]
[BlackElo "2066"]
[PlyCount "103"]
[WhiteFideId "24674796"]
[BlackFideId "24629472"]
[EventCountry "GER"]
[EventRounds "9"]
[EventType "swiss"]
[EventDate "2009.05.30"]

1. e4 c5 2. Nf3 Nc6 3. d4 cxd4 4. Nxd4 Qb6 5. Nb5 a6 6. Be3 Qd8 7. N5c3 e6 8.
Bd3 Nf6 9. O-O b5 10. f4 d5 11. exd5 exd5 12. Re1 Be7 13. Bc5 O-O 14. Bxe7 Nxe7
15. Qf3 Nf5 16. Nd2 Qb6+ 17. Kh1 Rd8 18. Nf1 Nd4 19. Qe3 Bg4 20. Ne2 Bxe2 21.
Bxe2 Qa7 22. Bd3 Ng4 23. Qg1 Nc6 24. Qxa7 Rxa7 25. Kg1 g6 26. Rad1 Nf6 27. Be2
Nb4 28. Bd3 Rc7 29. c3 Nc6 30. Ng3 Na5 31. Re2 Rcd7 32. Red2 d4 33. Ne4 Kg7 34.
Nxf6 Kxf6 35. Be4 Nc4 36. Rxd4 Rxd4 37. Rxd4 Rxd4 38. cxd4 Nxb2 39. Bc2 Ke6 40.
Kf2 Kd5 41. Ke3 Nc4+ 42. Kd3 a5 43. Bb3 a4 44. Bxc4+ bxc4+ 45. Kc3 a3 46. g4 f5
47. g5 Ke4 48. Kxc4 Kxf4 49. d5 Kxg5 50. d6 Kf6 51. Kc5 f4 52. Kc6 1-0